Dinosaurs - Sudden Death - Statistics

General Stats
  • This quiz has been taken 2,038 times
    1,876 since last reset
  • The average score is 7 of 15
Answers on the Grid
Answers color-coded by a green-red scale on the quiz's grid according to % correct below.
Ankylosaurus
Archaeopteryx
Basilosaurus
Brachiosaurus
Brontosaurus
Compsognathus
Deinosuchus
Dilophosaurus
Dimetrodon
Dimorphodon
Dinosaurus
Diplodocus
Fasolasuchus
Gallimimus
Ichthyostega
Iguanodon
Kentrosaurus
Meganeura
Parasaurolophus
Plesiosaurus
Pteranodon
Quetzalcoatlus
Smilodon
Stegosaurus
Suchomimus
Triceratops
Trilobite
Tylosaurus
Tyrannosaurus
Xiphactinus
 
Answer Stats
Answer % Correct
Ankylosaurus
84%
Brachiosaurus
63%
Brontosaurus
54%
Compsognathus
52%
Archaeopteryx
51%
Triceratops
51%
Iguanodon
48%
Tyrannosaurus
45%
Dilophosaurus
42%
Diplodocus
41%
Stegosaurus
39%
Gallimimus
31%
Parasaurolophus
30%
Kentrosaurus
29%
Suchomimus
26%
No matching quizzes found
Score Distribution
Percent of People with Each Score
Percentile by Number Answered
Your Score History
You have not taken this quiz since the last reset